Alphabetical Capitals of Europe Quiz Stats

 Plays Quiz Updated Jul 17, 2018

Challenge
Share
Tweet
Embed
Score 0/47 Timer 10:00
4 Plays Today
Aacilpst Capitals % Correct
EMORRome
93.5%
LOOSOslo
92.6%
AACINTV CITYVatican City
91.7%
BENRBern
91.3%
AARSWWWarsaw
91.1%
AIPRSParis
91%
AFIOSSofia
90.9%
AGIRRiga
90.5%
BEILNRBerlin
90.3%
CMOOSWMoscow
89.8%
AEINNVVienna
89.7%
IKMNSMinsk
87.3%
DLNNOOLondon
86.9%
ANS AIMNORSan Marino
86%
IKVYKyiv
84.7%
ABEGRZZagreb
83.6%
ADDIMRMadrid
83.5%
ABDEPSTUBudapest
82.7%
AEGPRUPrague
82.1%
AAAKNRAnkara
81.5%
AADEMMRSTAmsterdam
80.5%
AADNORR AL AELLVAndorra la Vella
80.3%
EJKOPSSkopje
79.7%
AEHNSTAthens
79.1%
Aacilpst Capitals % Correct
ADUVZVaduz
78.8%
BILNOSLisbon
78.5%
BEGLMORUUXLuxembourg
78.4%
EHIIKLNSHelsinki
78%
AILLNNTTallinn
77.5%
ACMNOOMonaco
76.6%
BDILNUDublin
76.6%
ABCEHRSTUBucharest
74.9%
IILNSUVVilnius
74.3%
CHKLMOOSTStockholm
74.1%
BELRSSSUBrussels
73.6%
AEIJKKRVYReykjavik
68.3%
AAELLTTVValletta
67.9%
ACEEGHNNOPCopenhagen
67.3%
AAEJORSVSarajevo
64.2%
AAABILRSTVBratislava
63.2%
ABDEEGLRBelgrade
61.9%
AAINRTTirana
61%
AABJJLLNULjubljana
60.9%
ACHIINSUChișinău
60.8%
AIINPRSTPriština
60.5%
ACIINOSNicosia
55.9%
ACDGIOOPRPodgorica
52.8%

You're not logged in!

Compare scores with friends on all Sporcle quizzes.
Join for Free
OR
Log In

You Might Also Like...

Show Comments

Extras

Top Quizzes Today


Score Distribution

Your Account Isn't Verified!

In order to create a playlist on Sporcle, you need to verify the email address you used during registration. Go to your Sporcle Settings to finish the process.

Report this User

Report this user for behavior that violates our Community Guidelines.

Details: